Macroeconomic adjustment in Chile and the politics of the popular sectors /
Guardado en:
| 主要作者: | |
|---|---|
| 格式: | Texto |
| 標簽: |
添加標簽
沒有標簽, 成為第一個標記此記錄!
|
MARC
| LEADER | 00000 a a2200000 04500 | ||
|---|---|---|---|
| 001 | 40253 | ||
| 003 | |||
| 040 | |||
| 100 | |a Barrera, Manuel | ||
| 245 | |a Macroeconomic adjustment in Chile and the politics of the popular sectors / |c Manuel Barrera | ||
| 773 | |g páginas 127-149 | ||
| 999 | |c 19655 |d 19655 | ||
